000 00831nam a22002417a 4500
003 OSt
005 20170718160523.0
008 170718s2012 sp | |||| 000 0 spa d
017 _aM 30824-2012
_bOficina Depósito Legal Madrid
020 _a9788430600878
040 _aSpMaBN
_bcat
_cCDMR
100 1 _aGrijelmo, Álex
_d1956-
_9508
245 1 3 _aLa información del silencio
_b: cómo se miente contando hechos verdaderos
_cÁlex Grijelmo
260 _a[Madrid]
_bTaurus
_c2012
300 _a541 p.
_c24 cm
500 _aBasado en la tesis del autor
504 _aBibliografía: p. 527-539
650 7 _aPragmática lingüística
_2embne
650 0 4 _aMitjans de comunicació de massa
_xInfluència
_93542
650 0 4 _aMitjans de comunicació de massa
_93243
_xManipulació
650 4 _aDesinformació
_94286
942 _cMON
_2udc
999 _c7050
_d7050